| 000 | 00340pam a2200145 a 4500 | ||
|---|---|---|---|
| 020 | _c | ||
| 041 | _h | ||
| 082 |
_a510 _bRAN |
||
| 100 | _aRanganath, G.K. | ||
| 245 |
_aA Text Book Of Business Mathematics _hTextual Documents |
||
| 260 |
_aMumbai _bHimalay Publishing House |
||
| 300 | _a331/CB | ||
| 700 | _aRajaram, S. | ||
| 930 | _a4868 | ||
| 999 |
_c111698 _d111698 |
||